[Event "EU-ch 6th"]
[Site "Warsaw"]
[Date "2005.06.25"]
[Round "7"]
[White "Dreev, Alexey"]
[Black "Gurevich, Mikhail"]
[Result "1-0"]
[WhiteElo "2705"]
[BlackElo "2630"]
[Annotator "Lutz,C"]
[PlyCount "97"]
[EventDate "2005.06.18"]
[EventType "swiss"]
[EventRounds "13"]
[EventCountry "POL"]
[SourceTitle "CBM 108"]
[Source "ChessBase"]
[SourceDate "2005.09.26"]
[SourceVersion "1"]
[SourceVersionDate "2005.09.26"]
[SourceQuality "1"]

1. d4 Nf6 2. c4 e6 3. Nf3 d5 4. Nc3 c6 5. e3 Nbd7 6. Bd3 dxc4 7. Bxc4 b5 8. Bd3
b4 $5 {Mit diesem Zug umgeht Schwarz die ausanalsierten Varianten nach 8...a6
oder 8...Bb7. Allerdings hat er wegen der Schwächen auf der c-Linie immer noch
einen kleinen Nachteil.} 9. Ne4 Nxe4 10. Bxe4 Bb7 11. O-O Bd6 12. Qc2 (12. Nd2
$5 Qc7 13. h3 c5 14. Bxb7 Qxb7 15. Nc4 Be7 16. b3 (16. dxc5 {1/2-1/2 Vaganian,
R-Gurevich,M/Moscow 2001/CBM 86/[Lutz] (34)}) 16... O-O 17. Bb2 Bf6 18. Qg4
cxd4 19. Bxd4 Bxd4 20. Qxd4 Nf6 21. Nd6 Qe7 22. e4 Rad8 23. e5 Nd5 24. Rfe1 f6
25. Nc4 fxe5 26. Qxe5 Nf4 27. Rad1 Qh4 28. Rxd8 Nxh3+ $11 29. gxh3 Qxf2+ 30.
Kh1 {1/2-1/2 Akopian,V-Dominguez,L/Yerevan 2001/CBM 86/[Lutz] (30)}) 12... Rc8
13. Rd1 (13. a3 {1/2-1/2 Moiseenko,A-Asrian,K/Warsaw 2005/CBM 108/[Lutz] (70)})
13... Nf6 14. Bd3 c5 15. Qa4+ $146 (15. dxc5 Rxc5 16. Qe2 Ne4 $6 (16... O-O 17.
e4 Qb8 18. Be3 Rcc8 $11) 17. a3 bxa3 18. Rxa3 Qb8 19. Ra4 f5 20. Nd4 Ke7 21.
Bxe4 Bxe4 22. b4 Rc7 23. Qa2 Qc8 24. Rxa7 {1-0 Avrukh,B-Potkin,V/Istanbul 2003/
CBM 96 (91)}) (15. Qe2 $5 cxd4 16. Bb5+ Ke7 17. exd4 Bxf3 18. Qxf3 Qa5 19. Qe2
Rhd8 20. Bg5 Rb8 21. Bxf6+ Kxf6 22. Qf3+ Ke7 23. Bc4 Rbc8 24. b3 Qf5 $11 {
1/2-1/2 Tkachiev,V-Pelletier,Y/Port Barcares 2005/CBM 107 (44)}) 15... Bc6 16.
Bb5 Bxb5 {Genauer erscheint mir 16...Qd7.} (16... Qd7 $5 {mit der Idee} 17.
Bxc6 Qxc6 18. Qxc6+ Rxc6 $11) 17. Qxb5+ Qd7 18. Qxd7+ Kxd7 19. a3 b3 (19...
bxa3 20. Rxa3 {und Schwarz verliert den Pa7.}) 20. dxc5 Rxc5 21. Bd2 Ne4 $2 (
21... a5 {war richtig, z.B.} 22. Bc3 Rhc8 23. Be5 Rd5 24. Rxd5 exd5 {, und
Schwarz hat genug Gegenspiel.}) 22. Bb4 Rd5 23. Nd4 $16 {Jetzt bekommt Schwarz
wegen der Schwäche des Pb3 enorme Probleme.} Be5 (23... a5 24. Bxd6 Nxd6 25.
Nxb3 Rb8 (25... Rb5 26. Nd2 $16) 26. Rxd5 exd5 27. Nc5+ Kc6 28. b4 axb4 29. Na6
$16) 24. Nxb3 Bxb2 25. Rxd5+ exd5 26. Rd1 Nf6 {Der einzige Weg, um den Pd5 zu
decken, aber nun ist der Bb2 in Gefahr.} (26... Kc6 27. Na5+ $16) (26... Ke6
27. f3 {nebst Nc5+}) 27. Nc5+ Kc6 28. Nd3 a5 29. Nxb2 axb4 30. axb4 Rb8 31. Nd3
d4 32. Ne5+ Kd5 33. Nf3 Rxb4 34. Nxd4 {Das Endspiel mit "4 gegen 3 an einem
Flügel" ist bei dieser Materialkonstellation langfristig gewonnen für Weiß 
(bzw. in der Praxis extrem schwer zu verteidigen.} Ke4 35. h3 Rb7 36. g4 $5 {
Weiß geht sehr zügig vor, was zu taktischen Komplikationen führt.} (36. g3 {
nebst Kg2 war der "systematische" Weg.}) 36... h5 {Schwarz nutzt den letzten
weißen Zug sofort zum Gegenspiel aus.} 37. Nf5 Kf3 38. g5 Nh7 39. Kf1 g6 (39...
Nxg5 40. Nh4+ Ke4 41. Rd4+ Ke5 42. f4+ $18) (39... f6 40. g6 Nf8 41. Nh4+ Ke4
42. Rd4+ Ke5 43. f4+ Ke6 44. Rd8 Ke7 45. Rd5 $18) 40. Nh4+ Ke4 41. Rd4+ Ke5 42.
f4+ Ke6 43. Kf2 Nf8 44. Nf3 Ke7 45. Ne5 Rc7 (45... f6 46. Nc6+) 46. Kf3 Ne6 (
46... f6 $5 47. gxf6+ Kxf6 48. Rd6+ Kg7) 47. Rb4 Kd6 48. Rb6+ Kd5 $2 (48... Ke7
$18) 49. Nxf7 (49. Nxf7 Rxf7 50. e4+ $18) 1-0

[Event "Bad Homburg"]
[Site "Bad Homburg"]
[Date "1996.??.??"]
[Round "1"]
[White "Gabriel, Christian"]
[Black "Slobodjan, Roman"]
[Result "1/2-1/2"]
[WhiteElo "2565"]
[BlackElo "2520"]
[Annotator "Lutz,C"]
[PlyCount "81"]
[EventDate "1996.07.20"]
[EventType "tourn"]
[EventRounds "9"]
[EventCountry "GER"]
[EventCategory "12"]
[SourceTitle "CBM 055"]
[Source "ChessBase"]
[SourceDate "1996.12.01"]
[SourceVersion "1"]
[SourceVersionDate "1996.12.01"]
[SourceQuality "1"]

1. Nf3 d5 2. c4 c6 3. d4 Nf6 4. Nc3 e6 5. e3 Nbd7 6. Bd3 dxc4 7. Bxc4 b5 8. Be2
a6 9. e4 b4 10. e5 bxc3 11. exf6 Nxf6 12. bxc3 Bd6 13. O-O (13. Nd2) 13... Qc7
$5 (13... O-O 14. Bg5 (14. c4 $6 c5 $1 15. Ba3 Qa5 $1 16. Bxc5 Bxc5 17. dxc5
Rd8 18. Qb3 Qxc5 $15 {Seirawan,Y-Kramnik,V/Manila olm ;CBM 30 1992}) 14... c5 (
14... Qc7 15. Bd3 c5 16. Re1 (16. Bxf6 gxf6 17. Re1 $5 {Tisdall}) 16... Nd5 $5
17. Rc1 Bb7 $132 {Giddins,S-Gausel,E/Gausdal AC (01) ;CBM 43 1994}) 15. Rb1 h6
16. Bh4 cxd4 17. cxd4 Bd7 18. Ne5 Ra7 19. Qb3 Be7 20. Rfc1 $14 {Jurka,
M-Sherbakov,R/Pardubice op (02) ;TD 92\11 1992}) 14. Bd3 c5 15. Bg5 Bb7 16. Re1
Nd7 17. Be4 O-O $10 18. Bxb7 Qxb7 19. Rb1 Qc6 20. Ne5 Bxe5 21. dxe5 Rfb8 22.
Be7 Rxb1 23. Qxb1 Rb8 24. Qc1 Nxe5 25. Rxe5 Qc7 26. Rxc5 Qxe7 27. Rc4 g6 28. h3
Qd6 29. Rb4 Rc8 30. Qe3 Qd1+ 31. Kh2 Qc2 32. a4 a5 33. Rd4 h5 34. Rd6 Qxc3 35.
Rd8+ Kh7 36. Rxc8 Qxc8 37. Qa7 Qf8 38. Qxa5 Qd6+ 39. Kg1 Qd1+ 40. Kh2 Qd6+ 41.
Kg1 1/2-1/2

[Event "EU-ch 6th"]
[Site "Warsaw"]
[Date "2005.06.18"]
[Round "1"]
[White "Wells, Peter K"]
[Black "Van Wely, Loek"]
[Result "1-0"]
[WhiteElo "2525"]
[BlackElo "2687"]
[Annotator "Lutz,C"]
[PlyCount "87"]
[EventDate "2005.06.18"]
[EventType "swiss"]
[EventRounds "13"]
[EventCountry "POL"]
[SourceTitle "CBM 108"]
[Source "ChessBase"]
[SourceDate "2005.09.26"]
[SourceVersion "1"]
[SourceVersionDate "2005.09.26"]
[SourceQuality "1"]

1. d4 Nf6 2. c4 e6 3. Nf3 d5 4. Nc3 c6 5. e3 Nbd7 6. Bd3 dxc4 7. Bxc4 b5 8. Be2
a6 9. e4 b4 10. e5 bxc3 11. exf6 Nxf6 12. bxc3 Bd6 13. Nd2 {Dieser Zug wurde
zwar hier meistens gespielt, aber Aleksandrovs 13.c4 ist stärker.} (13. c4 $1
O-O (13... Bb4+ 14. Bd2 Bxd2+ 15. Qxd2 Ne4 16. Qe3 Qa5+ 17. Kf1 $16) (13... c5
14. dxc5 Qa5+ (14... Bxc5 15. Qxd8+ Kxd8 16. Ne5 $16) 15. Nd2 Be5 16. Rb1 O-O
17. Bf3 Ra7 18. c6 Qxa2 19. Rb3 Qa5 20. O-O Qc7 21. g3 Rd8 22. Qe2 a5 23. Rb5
$36 {1-0 Aleksandrov,A-Fleck,J/Germany 2001/CBM 82 ext (59)}) 14. c5 Bc7 15.
O-O a5 16. Bg5 Qd5 $6 (16... Ba6 $14) 17. Bxf6 gxf6 18. Qb1 $5 $40 {0-1
Aleksandrov,A-Bareev,E/New Delhi/Teheran 2000/CBM 81/[Lutz] (34)} (18. Qa4 Ba6
19. Bxa6 Rxa6 20. Rab1 $40 {Bareev})) 13... O-O 14. Nc4 Be7 15. Bf3 Qc7 16. Bg5
Rb8 $2 {Das ist ein sehr unglücklicher Zug.} (16... Nd5 {ergibt Ausgleich.} 17.
Bxe7 Qxe7 18. Qd2 Rb8 $1 {Erst jetzt ist dieser Zug richtig.} (18... c5 $2 19.
Bxd5 $2 (19. Na5 $1 $16 {/\ c4}) 19... exd5+ 20. Ne3 cxd4 21. cxd4 f5 $13 {
0-1 Stohl,I-Pavasovic,D/Baden 1999/CBM 71/[Lutz] (31)}) 19. O-O c5 20. Bxd5
exd5 21. Rfe1 Be6 22. Ne5 Rfc8 23. Nd3 cxd4 24. cxd4 Rc4 $132 25. Rab1 Rxb1 26.
Rxb1 h6 27. Rb8+ Kh7 28. Ne5 Qc7 29. Nxc4 Qxb8 30. Qd3+ g6 31. Ne5 Qb2 32. h4
Qxa2 33. h5 Bf5 34. hxg6+ Bxg6 35. Qe3 Qb1+ 36. Kh2 Qf5 37. f3 a5 38. Ng4 h5
39. Qh6+ Kg8 40. Ne3 Qf6 41. Nxd5 Qh4+ 42. Kg1 Qxd4+ 43. Ne3 a4 {0-1 Ehlvest,
J-Lesiege,A/New York 1993/TD (43)}) (16... a5 17. Qd2 Nd5 18. Bxe7 Nxe7 19. Ne3
Ba6 20. Be2 c5 $11 {0-1 Benjamin,J-Gurevich,D/Bloomington 1993/CBM 39/[Ftacnik]
(59)}) 17. Bh4 $1 {Weiß betont die Schwäche der Diagonalen h2-b8.} Ne8 {
Schwarz muß schon diesen Verlegenheitszug machen.} (17... Nd5 18. Bg3 Nf4 19.
Ne5 $16) 18. Bg3 Nd6 19. O-O $16 Rd8 20. Ne5 Bd7 21. Qa4 Rb5 {Um den Druck
gegen die Bauern c6 und a6 zu parieren, muß Schwarz den Turm auf a5 ins
Abseits stellen.} 22. c4 Ra5 23. Qc2 c5 24. d5 Ba4 (24... Bf6 25. a4 $16 {
, und der Ra5 kann nicht mehr ziehen.}) 25. Qe2 Bf6 26. dxe6 fxe6 27. Rab1 Re8
28. Ng4 $18 Bd4 29. Qd2 Rd8 30. Bxd6 {30.Rb7 gewann sofort, aber auch der
Textzug ist gut genug.} (30. Rb7 Qxb7 31. Bxb7 Nxb7 32. Bc7 $18) 30... Rxd6 31.
Rb7 Qd8 32. Rfb1 Bd7 33. Rb8 Bc8 34. Bb7 Bc3 35. Qe2 Rxa2 36. Qf1 Bxb7 37.
R1xb7 Bd4 38. g3 h5 39. Ne3 a5 40. Rxd8+ Rxd8 41. Qh3 a4 42. Qxh5 a3 43. Ng4
Rb2 44. Nh6+ 1-0

[Event "FIDE-Wch k.o."]
[Site "New Delhi/Teheran"]
[Date "2000.12.01"]
[Round "2.2"]
[White "Beliavsky, Alexander G"]
[Black "Galkin, Alexander"]
[Result "1-0"]
[WhiteElo "2654"]
[BlackElo "2587"]
[Annotator "Lutz,C"]
[PlyCount "89"]
[EventDate "2000.11.27"]
[EventType "k.o."]
[EventRounds "7"]
[EventCountry "IND"]
[SourceTitle "CBM 081"]
[Source "ChessBase"]
[SourceDate "2001.03.20"]
[SourceVersion "1"]
[SourceVersionDate "2001.03.20"]
[SourceQuality "1"]

1. d4 d5 2. c4 e6 3. Nc3 c6 4. e3 Nf6 5. Nf3 Nbd7 6. Bd3 dxc4 7. Bxc4 b5 8. Bd3
Bb7 9. a3 b4 10. Ne4 Nxe4 11. Bxe4 bxa3 12. bxa3 Bd6 13. Nd2 $5 $146 {
Interessanterweise ist dieser Zug eine Neuerung. Zuvor wurde (ohne großen
Erfolg) 13.Bd2 bzw. 13.0-0 probiert.} (13. Bd2 Rb8 14. Qa4 (14. O-O $5 c5 $6
15. Bxb7 Rxb7 16. Bc3 $1 O-O 17. d5 Qe7 18. e4 f6 $8 19. Qc2 Nb6 $6 20. dxe6
Qxe6 21. Rfe1 Nc4 22. Rad1 $5 Nxa3 23. Qc1 Nc4 24. Nh4 $1 Re8 25. f4 Bf8 26.
Nf3 $13 {0-1 Gurevich,M-Novikov,I/Antwerp 1995/CBM 50/[Novikov] (93)}) 14... c5
15. Bxb7 Rxb7 16. dxc5 Bxc5 17. Ba5 Qb8 18. Rd1 O-O {1/2-1/2 Karpov,A-Kramnik,
V/Dortmund 1995/CBM 48/[Von Gleich] (18)}) (13. O-O O-O 14. Bb2 Rb8 15. Qc2 c5
16. Bxb7 Rxb7 17. dxc5 Bxc5 18. Rfd1 Qe7 19. a4 {1/2-1/2 Karpov,A-Anand,V/
Lausanne 1998/CBM 63/[Ftacnik] (19)}) 13... Qc7 14. Nc4 Be7 15. O-O O-O 16. Rb1
Nf6 17. Bf3 Ba6 (17... Rfb8 $5 18. Bb2 c5 19. dxc5 Bxf3 20. Qxf3 Qxc5 {sollte
ungefähr ausgleichen.}) 18. Qc2 Rac8 19. e4 Nd7 20. Be2 c5 21. d5 exd5 22. exd5
Bxc4 23. Bxc4 Nb6 24. Rb3 Bf6 25. Be3 Be5 26. g3 Rcd8 $2 (26... Rfe8 $11 {
und Schwarz steht befriedigend.}) 27. Bd3 $1 {Greift zwei Bauern auf c5 und h7
an.} c4 {Darauf hat sich Schwarz wohl verlassen, aber Beliavsky hat weiter
gesehen.} (27... g6 28. Bxc5) (27... Rfe8 28. Bxh7+ Kh8 29. Be4 $16) 28. Bxh7+
Kh8 29. Rxb6 $1 (29. Rb4 $2 g6) 29... axb6 30. Qf5 $1 {Das ist das Problem,
Weiß bringt seine Dame auf die h-Linie.} g5 (30... g6 31. Qh3 Qd7 32. Qh4 Kg7 (
32... Bf6 33. Qxf6+ Kxh7 34. Bd4 Rg8 35. Qh4#) 33. Qh6+ Kf6 34. Bg5+ Kf5 35.
Qh5 $1 $18) (30... Rxd5 31. Qh5 Rfd8 32. Bxb6 $1 (32. Re1 $16) 32... Qxb6 33.
Bg6+ Kg8 34. Bxf7+ Kf8 35. Bxd5 Rxd5 36. Qf3+ $18) 31. Qh3 Kg7 32. Bxg5 Rd6 33.
Be4 $18 {Weiß hat für die Qualität zwei Bauern und Angriff auf den
gegnerischen König, er steht auf Gewinn.} Rh8 34. Qf5 Rd7 35. Re1 c3 36. Bc2
Rxd5 37. Bf6+ (37. Bb3 Qd7 38. Qxd7 Rxd7 39. Rxe5 f6 $132) 37... Bxf6 38. Qxd5
Qd8 39. Qe4 Qd7 40. h4 Rh5 41. Rd1 Qh3 42. Rd6 $1 {Sehr stark gespielt.
Beliavsky hat eine weitere ungewöhnliche Kombination im Auge.} Re5 43. Qh7+ Kf8
44. Qh6+ Ke8 {Nach anderen Zügen wird der schwarze König direkt matt.} 45. Rd8+
$1 {Die Pointe, die durch die eingeklemmte Qh3 begründet wird. Schwarz gab auf,
da er ersatzlos den Pc3 verliert.} (45. Rd8+ $1 Bxd8 (45... Kxd8 46. Qxf6+ Re7
47. Bf5 $1 {Fängt die schwarze Dame.} c2 48. Qd6+ Ke8 49. Qb8#) 46. Qh8+ Ke7 (
46... Kd7 47. Qxe5 {, und einmal mehr fällt die schwarze Dame dem Lc2 zum Opfer
}) 47. Qxe5+ Qe6 48. Qxc3 $18) 1-0

[Event "Candidates Tournament Gp1"]
[Site "Dortmund"]
[Date "2002.07.06"]
[Round "1"]
[White "Gelfand, Boris"]
[Black "Shirov, Alexei"]
[Result "1/2-1/2"]
[WhiteElo "2710"]
[BlackElo "2697"]
[Annotator "Lutz,C"]
[PlyCount "78"]
[EventDate "2002.07.06"]
[EventType "tourn"]
[EventRounds "6"]
[EventCountry "GER"]
[EventCategory "18"]
[SourceTitle "CBM 090"]
[Source "ChessBase"]
[SourceDate "2002.09.20"]
[SourceVersion "1"]
[SourceVersionDate "2002.09.20"]
[SourceQuality "1"]

1. d4 d5 2. c4 c6 3. Nc3 Nf6 4. Nf3 e6 5. e3 Nbd7 6. Bd3 dxc4 7. Bxc4 b5 8. Bd3
Bb7 9. a3 Bd6 $5 {Dieser Zug führt zu etwas interessanterem Spiel als 9...b4.}
(9... b4 {führt zu sehr mikroskopischem Vorteil für Weiß.}) 10. O-O (10. b4 $5
{Die prinzipiellste Fortsetzung. Weiß legt den Pc6 fest, allerdings wird der
Pb4 selbst zur Schwäche.} a5 11. Rb1 axb4 12. axb4 Nd5 13. Nxd5 exd5 14. e4
dxe4 15. Bxe4 Nf6 16. Bg5 h6 17. Bxf6 Qxf6 18. O-O O-O 19. Re1 Rfe8 20. Bc2 $14
{1-0 Krasenkow,M-Dreev,A/Shanghai 2001/CBM 85/[Lutz] (41)}) 10... O-O 11. Bd2
Qe7 (11... e5 12. Qc2 Qe7 13. Ng5 $1 $14 {1/2-1/2 Lautier,J-Shirov,A/Monte
Carlo 2000/CBM 76/[Lutz] (32)}) 12. Ng5 (12. Qc2 h6 13. Ne2 Rfc8 14. b4 a5 15.
e4 e5 16. Qb2 Re8 17. Bc3 {1/2-1/2 Makarov,M-Novikov,I/Novgorod 1995/EXT 2000 
(17)}) (12. Rc1 a6 13. Ne4 c5 14. Nxd6 Qxd6 {1/2-1/2 Nogueiras,J-Kramnik,V/
Moscow 1994/CBM 45 (14)}) 12... h6 13. Nge4 Nxe4 14. Nxe4 c5 15. Nxd6 Qxd6 {
Schwarz musste das Läuferpaar aufgeben, durch seine zentralisierten Figuren
hat er jedoch keine Probleme.} 16. Be2 (16. Bxb5 cxd4 17. Qa4 dxe3 18. Bxe3 Qd5
19. f3 Nb6 $11) 16... Rfd8 17. Ba5 Nb6 18. dxc5 Qxc5 19. Qc1 Qg5 20. e4 Bxe4
21. Qxg5 hxg5 22. Bxb5 Bd3 23. Bc6 Bxf1 24. Bxa8 Rxa8 25. Kxf1 Rc8 26. Bd2 Rc2
{Wegen seines aktiven Turmes steht Schwarz nun etwas besser, aber natürlich
hat er nichts Wesentliches.} 27. Bxg5 Rxb2 28. Be3 a5 29. Rc1 Nd5 30. Bc5 f6
31. g3 Kf7 32. Rc4 g5 33. h4 gxh4 34. Rxh4 Kg6 35. Ra4 Rb5 36. Rc4 Kf5 37. Ke2
e5 38. Kd3 Ke6 39. Rc2 Nb6 1/2-1/2

[Event "CUB-ch KO"]
[Site "Santa Clara"]
[Date "2005.04.27"]
[Round "3.4"]
[White "Bruzon Batista, Lazaro"]
[Black "Dominguez Perez, Leinier"]
[Result "1-0"]
[WhiteElo "2669"]
[BlackElo "2658"]
[Annotator "Lutz,C"]
[PlyCount "133"]
[EventDate "2005.04.18"]
[EventType "k.o."]
[EventRounds "3"]
[EventCountry "CUB"]
[SourceTitle "CBM 107"]
[Source "ChessBase"]
[SourceDate "2005.08.01"]
[SourceVersion "1"]
[SourceVersionDate "2005.08.01"]
[SourceQuality "1"]

1. d4 {Mueller,Karsten} d5 2. c4 c6 3. Nc3 Nf6 4. e3 e6 5. Nf3 Nbd7 6. Bd3 dxc4
7. Bxc4 b5 8. Bd3 Bd6 9. O-O O-O 10. Ng5 $5 {Dieser Zug hat zwei Ideen: er
soll ggf. f2-f4 vorbereiten und Sg5-e4 mit Kontrolle über c5 ermöglichen.} a6 {
Es scheint mir, dass dieser Zug zu langsam ist, da Weiss nun zu b2-b4 kommt.
Besser ist vielleicht sofort 10...Bb7 oder 10...[#]Qc7.} (10... Qc7 11. f4 h6
12. Nf3 b4 13. Ne2 c5 14. e4 Be7 15. e5 Nd5 16. Kh1 cxd4 17. Nexd4 Nc5 18. f5
Nxd3 19. Qxd3 exf5 20. Nxf5 Bxf5 21. Qxf5 Qb6 22. Qe4 $14 {1-0 Kozul,Z-Graf,A/
Mallorca 2004/CBM 104/[Lutz] (36)}) (10... Bb7 11. f4 h6 12. Nf3 b4 13. Ne4
Nxe4 14. Bxe4 Nf6 $11 {1-0 Muhammad,S-Kleiman,J/San Diego 2004/CBM 105 (41)})
11. Bd2 Bb7 12. Nce4 Nxe4 13. Nxe4 Be7 14. b4 {Da nun ...c6-c5 verhindert ist,
hat Weiss einen dauerhaften Vorteil.} e5 (14... f5 15. Nc5 Nxc5 16. bxc5 Bxc5
17. Qb3 $36) 15. Qc2 exd4 16. exd4 h6 17. a3 Nb6 18. Rad1 Nd5 19. Rfe1 Qc7 20.
Qc1 $1 {Weiss gruppiert Dame und Läufer um.} Rfe8 21. Bb1 Bf8 22. Qc2 Rad8 23.
h4 $16 {Weiss baut lehrbuchartig seinen Vorteil aus.} Re6 24. Ng3 Rxe1+ 25.
Rxe1 g6 26. h5 Rd6 27. hxg6 fxg6 28. Ne4 Re6 29. Nc5 Rxe1+ 30. Bxe1 Bxc5 31.
Qxg6+ Qg7 32. Qxg7+ Kxg7 33. dxc5 $18 Bc8 34. Bd2 h5 35. f3 Kf6 36. Kf2 Bf5 37.
Bxf5 Kxf5 38. Ke2 Nc7 39. Kd3 Ne6 40. g4+ hxg4 41. fxg4+ Ke5 (41... Kxg4 {
Mueller,Karsten} 42. Ke4 a5 43. Ke5 axb4 44. axb4 Nd8 45. Kd6 $18) 42. Ke3 {
Mueller,Karsten: 'Schwarz wird im Folgenden wie üblich durch Zugzwang immer
weiter an die Wand gedrängt:'} Nf8 43. Bc3+ Ke6 44. Ke4 Ng6 45. Bb2 {'(.)'
Mueller,Karsten.} Ne7 46. Kf4 Ng6+ 47. Kg5 Ne7 48. Bc1 Kf7 49. Bd2 Ke6 50. Kh6
Kf7 51. Bf4 (51. g5 $4 {Mueller,Karsten} Ng6 {gibt Schwarz eine uneinnehmbare
Festung.}) 51... Ng6 52. Bd6 Nh4 53. Kg5 Ng6 54. Kh5 Kg7 55. Bg3 Kf7 56. Kg5
Ne7 57. Bh2 Kg7 58. Bd6 Ng6 59. Kf5 Kf7 60. Bg3 {'(.)' Mueller,Karsten.} Nf8
61. Ke5 Ke7 62. Bh4+ {Mueller,Karsten: 'Nun dringt der König entscheidend ein:'
} Kd7 63. Kf6 Ke8 64. g5 Nh7+ 65. Ke6 Nf8+ 66. Kd6 Ng6 67. Bg3 1-0

[Event "Olympiad-33"]
[Site "Elista"]
[Date "1998.10.07"]
[Round "9.2"]
[White "Aleksandrov, Aleksej"]
[Black "Akopian, Vladimir Eduardovic"]
[Result "1-0"]
[WhiteElo "2595"]
[BlackElo "2655"]
[Annotator "Lutz,C"]
[PlyCount "91"]
[EventDate "1998.09.29"]
[EventType "team-swiss"]
[EventRounds "13"]
[EventCountry "RUS"]
[SourceTitle "CBM 068"]
[Source "ChessBase"]
[SourceDate "1999.02.01"]
[SourceVersion "1"]
[SourceVersionDate "1999.02.01"]
[SourceQuality "1"]
[WhiteTeam "Belarus"]
[BlackTeam "Armenia"]
[WhiteTeamCountry "BLR"]
[BlackTeamCountry "ARM"]

1. d4 d5 2. c4 c6 3. Nc3 Nf6 4. e3 e6 5. Nf3 Nbd7 6. Bd3 dxc4 7. Bxc4 b5 8. Be2
Bb7 9. O-O Be7 10. e4 b4 11. e5 bxc3 12. exf6 Bxf6 13. bxc3 {Alexandrov hatte
diese Stellung schon einige Male in seiner Praxis.} O-O 14. Rb1 Qc8 15. Ng5 (
15. Qb3 {1/2-1/2 Aleksandrov,A-Akopian,V/Pula 1997/CBM 57 ext/[Lutz] (27)})
15... Be7 (15... Rd8 {0-1 Aleksandrov,A-Sakaev,K/Kishinev 1998/CBM 64/[Lutz] 
(37)}) 16. Qd3 $146 (16. Bf3 {Aleksandrov,A-Galkin,A/Sochi 1997/CBM 62/[Lutz]/
1/2-1/2 (101)}) 16... Nf6 17. Bf4 h6 18. Ne4 $14 Nxe4 (18... c5 19. Nxf6+ Bxf6
20. dxc5 $16) 19. Qxe4 Ba6 20. c4 c5 21. d5 exd5 22. Qxd5 (22. Qxe7 Re8) 22...
Rd8 23. Qh5 g6 {Schwarz gibt einen Bauern, aber es droht unangenehm 24.Bg4.} (
23... Rd4 $5 24. Be5 Rh4 25. Qf3 {/\} Bxc4 26. Bxc4 Rxc4 27. Rb7 $36) 24. Qxh6
$16 Qf5 25. Rb3 Bf8 26. Qh4 Rd4 27. Rh3 Qxh3 28. gxh3 $18 Re8 29. Bf3 Bxc4 30.
Rc1 Bxa2 31. Qg3 Rd3 32. Be3 Bd5 33. Be2 Rb3 34. Qg5 Be6 35. Bc4 Rb4 36. Bxe6
Rxe6 37. Qd8 Rbe4 38. Qa8 Re8 39. Qxa7 R4e5 40. Kg2 R5e7 41. Qa4 Re5 42. Rc4
R8e6 43. Bf4 Re2 44. Kf3 Rb2 45. Qa8 Rf6 46. Kg3 1-0